| 000 | 00547nam a2200193Ia 4500 | ||
|---|---|---|---|
| 003 | OSt | ||
| 005 | 20240603123028.0 | ||
| 008 | 210210b1979 xxu||||| |||| 00| 0 eng d | ||
| 040 | _cAL | ||
| 041 | _aKannada | ||
| 082 | _aK894.3 USHH | ||
| 100 |
_aUSHA NAVARATNARAM. _9131610 _dಉಷಾ ನವರತ್ನರಾಂ |
||
| 245 |
_aHakki harutide. _bಹಕ್ಕಿ ಹಾರುತಿದೆ |
||
| 260 |
_aBengaluru _bShri Rajalakshmi Prakashana _c1979 |
||
| 300 | _a162 | ||
| 690 |
_aKannada Fiction _9131611 |
||
| 906 | _a034526 | ||
| 942 |
_2ddc _cBK |
||
| 999 |
_c85394 _d85394 |
||